Paz negociada para la región
Reseña de la XVI Asamblea General de la OEA, de la cual surgió la "Declaración de Guatemala", cuyos puntos principales son: i-. Apoyo firme a las soluciones negociadas para el conflicto de las Islas de las Malvinas, lo mismo que a la reclamación de Argentina de soberanía sobre esas islas,...
Zapisane w:
| Format: | Texto |
|---|---|
| Hasła przedmiotowe: | |
| Etykiety: |
Dodaj etykietę
Nie ma etykietki, Dołącz pierwszą etykiete!
|
MARC
| LEADER | 00000 a a2200000 04500 | ||
|---|---|---|---|
| 001 | 9082 | ||
| 003 | |||
| 040 | |||
| 245 | |a Paz negociada para la región | ||
| 520 | |a Reseña de la XVI Asamblea General de la OEA, de la cual surgió la "Declaración de Guatemala", cuyos puntos principales son: i-. Apoyo firme a las soluciones negociadas para el conflicto de las Islas de las Malvinas, lo mismo que a la reclamación de Argentina de soberanía sobre esas islas, rechazando de paso la reclamación de Gran Bretaña en cuanto a decretar una zona de exclusión en torno a las Malvinas |a ii-. Recomendar al Grupo de Contadora que evite una guerra en Centroamérica, y que a la vez propicie una negociación pacífica entre los cinco países de la región |a iii-. Que se tomen medidas conjuntas para combatir el creciente y alarmante tráfico de estupefacientes en el continente americano |a y, iv-. Buscar medidas adecuadas para enfrentar la enorme deuda externa de los países latinoamericanos. MB | ||
| 650 | |a OEA | ||
| 650 | |a PAZ | ||
| 650 | |a GUERRA | ||
| 650 | |a GRUPO DE CONTADORA | ||
| 650 | |a ISLAS MALVINAS | ||
| 650 | |a ARREGLO DE CONTROVERSIAS | ||
| 650 | |a ESTUPEFACIENTES | ||
| 650 | |a TRAFICO DE DROGAS | ||
| 650 | |a DEUDA EXTERNA | ||
| 773 | |g número 11; páginas 53 | ||
| 999 | |c 26983 |d 26983 | ||
